Briefing (Record no. 78606)

MARC details
000 -LEADER
fixed length control field 01124cab a22002175a 4500
001 - CONTROL NUMBER
control field L137454
008 - FIXED-LENGTH DATA ELEMENTS--GENERAL INFORMATION
fixed length control field 070405s2007 xxk f 000 0 eng d
035 ## - SYSTEM CONTROL NUMBER
System control number (Sirsi) u137454
041 0# - LANGUAGE CODE
Language code of text/sound track or separate title eng
100 1# - MAIN ENTRY--PERSONAL NAME
Personal name Gerrard, R.
245 00 - TITLE STATEMENT
Title Briefing
Remainder of title NEC contracts
-- delivering 21st century construction
260 ## - PUBLICATION, DISTRIBUTION, ETC.
Date of publication, distribution, etc. 2007
490 ## - SERIES STATEMENT
Series statement Management Procurement and Law
Volume/sequential designation 160(MP1) February 2007, 9-10(2)
520 ## - SUMMARY, ETC.
Summary, etc. Discusses the latest issue of the New Engineering Contract (NEC3) which is endorsed by the UK Office of Government Commerce for use throughout the UK?s public sector construction market. The emphasis is collaborative, co-operative working and the tools it provides should prompt a move towards a foresight-based, real-time project managed environment to get the best out of supply chains. A matrix of contracts is available for works or services to use in most types of contracts.
590 ## - LOCAL NOTE (RLIN)
Local note KA
650 24 - SUBJECT ADDED ENTRY--TOPICAL TERM
Topical term or geographic name entry element NEW ENGINEERING CONTRACT
650 24 - SUBJECT ADDED ENTRY--TOPICAL TERM
Topical term or geographic name entry element CONSTRUCTION INDUSTRY
651 #4 - SUBJECT ADDED ENTRY--GEOGRAPHIC NAME
Geographic name United Kingdom
Chronological subdivision
690 ## - LOCAL SUBJECT ADDED ENTRY--TOPICAL TERM (OCLC, RLIN)
Topical term or geographic name as entry element BUILT ENVIRONMENT-CONSTRUCTION MANAGEMENT-BUILDING CONTRACT ADMINISTRATION
942 ## - ADDED ENTRY ELEMENTS (KOHA)
Suppress in OPAC 0
Holdings
Withdrawn status Lost status Source of classification or shelving scheme Damaged status Not for loan Home library Current library Shelving location Date acquired Total Checkouts Full call number Barcode Date last seen Copy number Price effective from Koha item type
    Dewey Decimal Classification     London London Journal article 05/04/2007   L137454 137454-1001 06/08/2019 1 06/08/2019 Journal article